Janáček. II, Car lesů : 1914-1928 /

Hlavní autor: Tyrrell, John, 1942-2018
Další autoři: Suchomel, Tomáš, 1970-
Jazyk: Čeština
Vydáno: Brno : Host, 2021
Vydání: První vydání
Témata:
Fyzický popis: 1053 stran, 8 nečíslovaných stran obrazových příloh : ilustrace, portréty, noty ; 22 cm
Knihy
Uloženo v:
LEADER 02404cam a2200637 i 4500
001 nkc20213378974
003 CZ PrNK
005 20220420140902.0
007 ta
008 211213s2021 xr acfgf 001 0bcze d
015 |a cnb003378974 
020 |a 978-80-275-0334-6  |q (vázáno) 
035 |a (OCoLC)1310112228 
040 |a CBA001  |b cze  |d OLA001  |d ABA001  |e rda 
041 1 |a cze  |h eng 
043 |a e-xr--- 
045 |a x1x2 
072 7 |a 78.07  |x Hudebníci, skladatelé a jiná hudební povolání  |2 Konspekt  |9 9 
072 7 |a 929  |x Biografie  |2 Konspekt  |9 8 
080 |a 78.071.1  |2 MRF 
080 |a 78  |2 MRF 
080 |a 929  |2 MRF 
080 |a (437.3)  |2 MRF 
080 |a (048.8)  |2 MRF 
080 |a (092)  |2 MRF 
100 1 |a Tyrrell, John,  |d 1942-2018  |7 jn20010601608  |4 aut 
240 1 0 |a Janáček.  |l Česky 
245 1 0 |a Janáček.  |n II,  |p Car lesů : 1914-1928 /  |c John Tyrrell ; z anglického originálu Janáček ... volume 2 (1914-1928), Tsar of the forests ... přeložil Tomáš Suchomel 
246 3 0 |a Car lesů 
250 |a První vydání 
264 1 |a Brno :  |b Host,  |c 2021 
300 |a 1053 stran, 8 nečíslovaných stran obrazových příloh :  |b ilustrace, portréty, noty ;  |c 22 cm 
336 |a text  |b txt  |2 rdacontent 
337 |a bez média  |b n  |2 rdamedia 
338 |a svazek  |b nc  |2 rdacarrier 
504 |a Obsahuje bibliografii, bibliografické odkazy a rejstříky 
600 1 7 |a Janáček, Leoš,  |d 1854-1928  |7 jk01050745  |2 czenas 
648 4 |a 1914-1928 
648 7 |a 20. století  |7 ch460558  |2 czenas 
650 0 7 |a hudební skladatelé  |7 ph120923  |z Česko  |y 20. století  |2 czenas 
650 0 7 |a hudba  |7 ph114719  |z Česko  |y 20. století  |2 czenas 
650 0 9 |a composers  |z Czechia  |y 20th century  |2 eczenas 
650 0 9 |a music  |z Czechia  |y 20th century  |2 eczenas 
655 7 |a monografie  |7 fd132842  |2 czenas 
655 7 |a biografie  |7 fd131909  |2 czenas 
655 9 |a monographs  |2 eczenas 
655 9 |a biography  |2 eczenas 
700 1 |a Suchomel, Tomáš,  |d 1970-  |7 jn20010309481  |4 trl 
765 1 |t Tsar of the forests  |9 Česky 
910 2 |a BOA001  |b 2-1420.582,2 
920 |a 1106031  |z CBA001 
990 |a BK 
995 |a 01 
991 |b 202202  |c NOV 
996 6 |b 2610890998  |c 2-1420.582,2  |l MZK  |r Sklad / do 1 hodiny  |n 2  |p p.v.  |w 001874563  |u 000010  |a 1  |e BOA001  |j MZK50  |s P 
996 7 |b 2610890999  |c 2-1420.582,2  |l Vol.výběr  |r VV 1p  |n 8  |p p.v.  |h 78.07 TYR  |w 001874563  |u 000020  |a 0  |e BOA001  |j MZK50  |s A